000 01129nam a22003377a 4500
003 CHAP
005 20220329134121.0
008 971013s1971 r 00010 d
010 _a15643
011 _a16615
035 _a20697
040 _cCHAP
082 _a001.642
_bB4
100 0 0 _aBerztiss, A. T.
_912029
245 _aData structure ; theory and practice
260 _aNew York :
_bAcademic Press,
_c1971
300 _a442 p.
490 _aComputer science and applied mathematics
590 _aBATCH-UPD
_b10
_c20130110
_lUCH01
_h1951
590 _aBATCH-UPD
_b10
_c20130410
_lUCH01
_h1312
590 _aBATCH-UPD
_b10
_c20130914
_lUCH01
_h0816
590 _aCONVERSION
_b10
_c20130109
_lUCH01
_h1310
650 1 4 _aAlgoritmos.
_94077
650 1 4 _aCalculadoras electrónicas digitales
_xProgramación.
_917348
650 1 4 _aGráficas
_xTeoría de las.
_950766
830 0 _aComputer science and applied mathematics
_926136
901 _aBK
942 _cLIBRO
949 _a001.642 B4
_bBC
_cLIBRO
_d33724000288338
_eLIBRO
_h38922
_i20697
_si
949 _a001.642 B4
_bBC
_cLIBRO
_d33724000288346
_eLIBRO
_fc.2
_h1124
_i20697
_si
999 _c15643
_d15643